| 000 | 00509nam a2200193 4500 | ||
|---|---|---|---|
| 003 | OSt | ||
| 005 | 20260601171021.0 | ||
| 008 | 260520b\\\\\\\\||||||||\||||\00|\0\eng\d | ||
| 040 |
_aICI _bspa _cICI _erda |
||
| 050 |
_aNK2715 _bC66 |
||
| 100 |
_aConran, Terence _eautor |
||
| 245 | _aConran´s 1980 Catalog | ||
| 264 |
_aEstados Unidos _bCornan Octopus _c1980 |
||
| 300 | _a115 páginas | ||
| 336 |
_2rdacontent _atexto |
||
| 337 |
_2rdamedia _asin medio |
||
| 338 |
_2rdacarrier _avolumen |
||
| 942 |
_2lcc _n1 _cB |
||
| 999 |
_c20897 _d20897 |
||